=LDR 00000nam 2200000 4500 =001 NUTBA000000000000869 =005 20140403140435.0 =006 =007 =008 =020 ##$$a 978-979-1284-13-4 =035 ##$$a 0010-041400000000139 =040 ##$$b Ind =090 ##$$a 658 $bHar $cd =100 ##$$a Harrison, Thomas L =245 ##$$a The DNA of Success =260 ##$$a Bandung $bKaifa $c2008 =300 ##$$a 391 hlm. $c24 cm. =650 ##$$a DNA =850 ##$$a NBPDMAT =990 ##$$a 21002218 =990 ##$$a 92658/BPAP-NTB/2014